MARC details
| 000 -CABECERA |
| campo de control de longitud fija |
01112nam a2200253 a 4500 |
| 001 - NÚMERO DE CONTROL |
| campo de control |
000034559 |
| 003 - IDENTIFICADOR DEL NÚMERO DE CONTROL |
| campo de control |
DO-SdBNP |
| 005 - FECHA Y HORA DE LA ÚLTIMA TRANSACCIÓN |
| campo de control |
20250602113835.0 |
| 008 - DATOS DE LONGITUD FIJA--INFORMACIÓN GENERAL |
| campo de control de longitud fija |
110831s18691970dr 000 0 spa d |
| 040 ## - FUENTE DE LA CATALOGACIÓN |
| Centro catalogador/agencia de origen |
DO-SdBNP |
| Lengua de catalogación |
spa |
| Centro/agencia transcriptor |
BNPHU |
| 049 ## - FONDOS LOCALES (OCLC) |
| Fondos de biblioteca |
BNPD |
| 082 ## - NÚMERO DE LA CLASIFICACIÓN DECIMAL DEWEY |
| Número de clasificación |
970.016 |
| Número de documento/Ítem |
C691d, 1864- |
| 245 00 - MENCIÓN DE TÍTULO |
| Título |
Colección de documentos inéditos, realtivos al descubrimiento, conquista y organización de las antiguas poseciones españolas sacado de los archivos del Reino y muy especialmente del de Indias / |
| Mención de responsabilidad, etc. |
por Luis Torres de Mendoza. |
| 260 ## - PUBLICACIÓN, DISTRIBUCIÓN, ETC. |
| Lugar de publicación, distribución, etc. |
Madrid : |
| Nombre del editor, distribuidor, etc. |
Imprenta J. M. Pérez, Misericordia, |
| Fecha de publicación, distribución, etc. |
1869-1970. |
| 300 ## - DESCRIPCIÓN FÍSICA |
| Extensión |
42v. ; |
| Dimensiones |
23 cm. |
| 500 ## - NOTA GENERAL |
| Nota general |
La biblioteca posee los volumens 11-15 |
| 651 #0 - PUNTO DE ACCESO ADICIONAL DE MATERIA--NOMBRE GEOGRÁFICO |
| Nombre geográfico |
América del Sur |
| Subdivisión general |
Historia |
| Subdivisión cronológica |
Guerras de Independencia, 1806-1830 |
| Subdivisión geográfica |
Españoles |
| Subdivisión de forma |
Ensayo, conferencias, etc. |
| 9 (RLIN) |
4537 |
| 651 #4 - PUNTO DE ACCESO ADICIONAL DE MATERIA--NOMBRE GEOGRÁFICO |
| Nombre geográfico |
América Latina |
| Subdivisión general |
Historia |
| Subdivisión cronológica |
1492-1830 |
| 9 (RLIN) |
59067 |
| 651 #4 - PUNTO DE ACCESO ADICIONAL DE MATERIA--NOMBRE GEOGRÁFICO |
| Nombre geográfico |
Oceanía |
| Subdivisión general |
Descubrimiento Y Exploraciones |
| -- |
Españoles |
| 9 (RLIN) |
59068 |
| 651 #4 - PUNTO DE ACCESO ADICIONAL DE MATERIA--NOMBRE GEOGRÁFICO |
| Nombre geográfico |
España |
| Subdivisión general |
Historia |
| 9 (RLIN) |
8844 |
| 700 12 - PUNTO DE ACCESO ADICIONAL--NOMBRE DE PERSONA |
| Nombre de persona |
Torres de Mendoza, Luis |
| Término indicativo de función/relación |
comp. |
| 9 (RLIN) |
59071 |
| 910 ## - DATOS DE OPCIÓN DEL USUARIO (OCLC) |
| Datos de opción del usuario |
Validado. Control de calidad MFF |
| 942 ## - ELEMENTOS DE PUNTO DE ACCESO ADICIONAL (KOHA) |
| Fuente del sistema de clasificación o colocación |
Dewey Decimal Classification |
| Tipo de ítem Koha |
Libro |